000 01922nam a22002537a 4500
005 20151125142153.0
008 151005s1884 sp ||||fr|||| 001 0bspa d
040 _cSandra Yazo
_dSandra Yazo
041 0 _aspa
082 0 4 _220
_a922.22
092 _aE37N101
100 1 _aAntist, Vicente Justiniano
_d1544-1599
_971995
245 1 0 _aVerdadera relación de la vida y muerte del P. Fr. Luis Bertrán de bienaventurada memoria
_ccompilada por el maestro Fr. Vicente Iustiniano Antist
250 _aRevisada por la autoridad eclesiástica
260 _aValencia [España]
_bLibrería de José Martí Casanova
_c1884
300 _a494 páginas
_c19 x 13 cm.
500 _aDetalles físicos: ´Encuadernación rígida en cartón forrado en papel. Lomo en tela con adornos en dorado. Guardas. Anteportada. Hoja de cortesía con grabado del biografiado. Portada impresa en una sola tinta. Cenefas y remates. Mayúsculas capitales. Notas al pie de página. Papel manchado. Varias hojas pegadas, algunas sin refilar, con bordes rasgados
505 2 _aVida del P. Fr. Luis Bertrán: Nacimiento, niñez y mocedad del siervo de Dios ; Cómo tomó el hábito de Santo Domingo, y de su vida hasta que se ordenó de Misa ; De las cosas que sucedieron después de Sacerdote ; Lo que hizo siendo maestro de novicios ; Las cosas que le acaecieron en Santa Ana de Albayda ; Las cosas que hizo en Indias ; Lo que hizo siendo Prior de este convento de predicadores ; Costumbres de este siervo de Dios ; Muerte del siervo de Dios ; Los milagros que ha hecho después de muerto ; Traslación del cuerpo y otros milagros -- Adiciones a la historia del Santo Fr. Luis -- Suplemento a la vida de San Luis Bertán
506 _aConsulta en sala
600 1 _aLuis Bertrán
_cSanto
_d1526-1581
_vBiografías
_971996
650 7 _954198
_aSantos
_vBiografías
690 _942750
_aBiografías
942 _2LOCAL
_cLIBRO
_e1
_hE37N101
999 _c301760
_d301760